Statistics for Space Agencies With Launch Capability

Click here to take the quiz!

General Stats

  • This quiz has been taken 57 times
  • The average score is 11 of 13

Answer Stats

AcronymAnswer% Correct
NASA, USSFUnited States
98%
JAXAJapan
96%
ROSCOSMOS (RFSA)Russia
96%
CNSAChina
91%
ISROIndia
91%
CNESFrance
89%
ASAAustralia
80%
ДКАУ (SSAU)Ukraine
80%
ISAIsrael
76%
ISAIran
74%
KARISouth Korea
72%
ASIItaly
70%
KCSTNorth Korea
61%

Score Distribution

Percentile by Number Answered

Percent of People with Each Score

Your Score History

You have not taken this quiz